| 000 | 005210000a22001810004500 | ||
|---|---|---|---|
| 090 |
_aAR _b00888 |
||
| 245 | 1 | 0 | _aFlorula de los bosques deciduos de Caracas |
| 650 | 1 | 4 |
_aVegetación _992799 |
| 650 | 1 | 4 |
_aBosques deciduos _994030 |
| 650 | 1 | 4 |
_aInventarios de plantas _994071 |
| 650 | 1 | 4 |
_aDistribución _992865 |
| 651 | 4 |
_mCaracas _pVenezuela _992749 |
|
| 041 | 0 | _aEspañol | |
| 700 | 1 |
_aSteyermark, Julian A. _910309 |
|
| 100 | 1 |
_aBerry, Paul E. _910334 |
|
| 942 | _cARTICULO | ||
| 773 | 1 |
_tPreprint _33 _h1 _q157-214 _d1985 _g38 |
|
| 999 |
_c9976 _d9976 |
||